000 00753nam a22002177a 4500
999 _c7585
_d7585
003 AR-CdUCM
008 190320b ||||| |||| 00| 0 spa d
040 _aMUNICIPALIDAD PROVINCIAL DEL CUSCO
_cBIBLIOTECA MUNICIPAL DEL CUSCO
082 _a581 /
_bV66
100 _aVillalba Pacheco, Hugo
_921422
245 _aCiencia Medioambiental Medio Ambiente Ecologia /
260 _aCusco :
_bCPMA,
_c2009.
300 _a343 paginas ;
_bilustraciones, graficos, tablas
_c25 cm.
505 _aContenido: Medioambiental -- ecologia -- medio ambiente -- organizacion -- recursos naturales...
650 _aMedio Ambiente
_98050
650 _aEcologia
_94960
650 _aLa Luz
_921423
650 _aLa atmosfera
_921424
942 _2ddc
_cLIBROS
945 _arum